Нормален изглед
MARC изглед
- Отечествен фронт. Конгр., VII. 1972
Вход 02. Организация (Колективен автор)
001 - Контролен номер на записа
- Контролно поле: 428134
003 - Код на организацията, даваща контролен номер
- Контролно поле: BLK
005 - Дата и час на последна промяна на записа
- Контролно поле: 20200817110038.0
008 - Данни с фиксирана дължина – обща информация
- Данни с фиксирана дължина : 200817|| aca||aabn | a|a d
110 ## - НАИМЕНОВАНИЕ НА КОЛЕКТИВЕН ОРГАН -ПЪРВИЧНА ИНТЕЛЕКТУАЛНА ОТГОВОРНОСТ
- Название на организация или юридическо име като основно описание: Отечествен фронт. Конгр., VII. 1972
942 ## - Системна служебна употреба
- Koha auth type: CORPO_NAME